Một số chỉ tiêu hoá học của dầu cá được tách chiết từ dầu cá cờ và dầu cá chẽm /

Αποθηκεύτηκε σε:
Λεπτομέρειες βιβλιογραφικής εγγραφής
Κύριος συγγραφέας: Nguyễn Thị Mỹ Hương.
Μορφή: Άρθρο
Γλώσσα:Vietnamese
Θέματα:
Ετικέτες: Προσθήκη ετικέτας
Δεν υπάρχουν, Καταχωρήστε ετικέτα πρώτοι!
Thư viện lưu trữ: Thư viện Trường Đại học Đà Lạt
LEADER 00838nam a2200253 4500
001 DLU190193123
005 ##20191023
040 # # |a DLU  |b vie 
041 # # |a vie 
044 # # |a vn 
100 # # |a Nguyễn Thị Mỹ Hương. 
245 # # |a Một số chỉ tiêu hoá học của dầu cá được tách chiết từ dầu cá cờ và dầu cá chẽm /  |c Nguyễn Thị Mỹ Hương. 
653 # # |a Chỉ tiêu hoá học 
653 # # |a Dầu cá cờ 
653 # # |a Dầu cá chẽm 
773 # # |t Nông nghiệp & Phát triển nông thôn  |g Số 318, 2017, tr. 87-91 
920 # # |a Phòng Tạp chí -- Trung tâm Thông tin - Thư viện Trường Đại học Đà Lạt 
900 # # |a True 
911 # # |a Nguyễn Thị Thu Phương 
925 # # |a G 
926 # # |a A 
927 # # |a BB 
980 # # |a Thư viện Trường Đại học Đà Lạt